Vật liệu xây dựng đường ôtô và sân bay

Spremljeno u:
Bibliografski detalji
Glavni autor: Phạm, Duy Hữu
Format: Knjiga
Jezik:Undetermined
Izdano: Hà Nội Xây dựng 2004
Teme:
Oznake: Dodaj oznaku
Bez oznaka, Budi prvi tko označuje ovaj zapis!
Thư viện lưu trữ: Trung tâm Học liệu Trường Đại học Cần Thơ
LEADER 00567nam a2200193Ia 4500
001 CTU_96597
008 210402s9999 xx 000 0 und d
020 |c 45000 
082 |a 691 
082 |b H566 
100 |a Phạm, Duy Hữu 
245 0 |a Vật liệu xây dựng đường ôtô và sân bay 
245 0 |c Phạm Duy Hữu 
260 |a Hà Nội 
260 |b Xây dựng 
260 |c 2004 
650 |a Building materials,Construction materials 
904 |i Tuyến 
980 |a Trung tâm Học liệu Trường Đại học Cần Thơ